| 000 | 00688nam a2200193Ia 4500 | ||
|---|---|---|---|
| 003 | 0 | ||
| 005 | 20250127103236.0 | ||
| 008 | 150126s9999 xx 000 0 und d | ||
| 050 |
_aPGS TX 361.A8 _b.Sa237 2014 |
||
| 100 | _aSantos, Francis Raymund Gerard S. | ||
| 245 |
_aVarsity membership and healthy eating habits / _cFrancis Raymund Gerard S. Santos. |
||
| 260 |
_aLas PiƱas City, Philippines : _bSouthville International School and Colleges, _c2014. |
||
| 300 |
_a30 p. : _bill. ; _c28 cm. |
||
| 504 | _aIncludes bibliographical references. | ||
| 650 |
_aAthletes _v Nutrition. |
||
| 650 |
_aSports _v Health aspects. |
||
| 650 |
_aFood habits _vSocial aspects. |
||
| 942 |
_2lcc _cPASS |
||
| 999 |
_c278628 _d278628 |
||